<?xml version="1.0" encoding="UTF-8"?>
<record
    xmlns:xsi="http://www.w3.org/2001/XMLSchema-instance"
    xsi:schemaLocation="http://www.loc.gov/MARC21/slim http://www.loc.gov/standards/marcxml/schema/MARC21slim.xsd"
    xmlns="http://www.loc.gov/MARC21/slim">

  <leader>02853nam a2200565Ia 4500</leader>
  <controlfield tag="001">5383</controlfield>
  <controlfield tag="008">241029s9999    xx            000 0 und d</controlfield>
  <datafield tag="010" ind1=" " ind2=" ">
    <subfield code="a">5077</subfield>
  </datafield>
  <datafield tag="041" ind1=" " ind2=" ">
    <subfield code="a">Espa&#xF1;ol</subfield>
  </datafield>
  <datafield tag="082" ind1=" " ind2=" ">
    <subfield code="a">UCSD MGP 0076 2016</subfield>
  </datafield>
  <datafield tag="245" ind1=" " ind2="0">
    <subfield code="a">An&#xE1;lisis del proceso de selecci&#xF3;n y ubicaci&#xF3;n del personal docente en las Escuelas Primarias del Distrito 10-04</subfield>
  </datafield>
  <datafield tag="260" ind1=" " ind2=" ">
    <subfield code="a">Santo Domingo</subfield>
  </datafield>
  <datafield tag="300" ind1=" " ind2=" ">
    <subfield code="a">59</subfield>
  </datafield>
  <datafield tag="520" ind1=" " ind2=" ">
    <subfield code="a">48</subfield>
  </datafield>
  <datafield tag="630" ind1=" " ind2=" ">
    <subfield code="a">Personal Docente</subfield>
  </datafield>
  <datafield tag="630" ind1=" " ind2=" ">
    <subfield code="a">Planificaci&#xF3;n Educativa</subfield>
  </datafield>
  <datafield tag="630" ind1=" " ind2=" ">
    <subfield code="a">Proceso Educativo</subfield>
  </datafield>
  <datafield tag="650" ind1=" " ind2=" ">
    <subfield code="a">Planificaci&#xF3;n Educativa</subfield>
  </datafield>
  <datafield tag="690" ind1=" " ind2=" ">
    <subfield code="a">Elaborado</subfield>
  </datafield>
  <datafield tag="700" ind1=" " ind2=" ">
    <subfield code="e">asesor</subfield>
    <subfield code="a">Mu&#xF1;oz, Yocasta </subfield>
  </datafield>
  <datafield tag="700" ind1=" " ind2=" ">
    <subfield code="e">autor</subfield>
    <subfield code="a">G&#xF3;mez Morillo, Agapita</subfield>
  </datafield>
  <datafield tag="700" ind1=" " ind2=" ">
    <subfield code="e">autor</subfield>
    <subfield code="a">V&#xE1;squez Hern&#xE1;ndez, Nelly </subfield>
  </datafield>
  <datafield tag="700" ind1=" " ind2=" ">
    <subfield code="e">asesor</subfield>
    <subfield code="a">Astacio , Mart&#xED;n </subfield>
  </datafield>
  <datafield tag="901" ind1=" " ind2=" ">
    <subfield code="a">{"1":"G&#xF3;mez Morillo","2":"V&#xE1;squez Hern&#xE1;ndez"}</subfield>
    <subfield code="b">{"1":"Agapita","2":"Nelly "}</subfield>
  </datafield>
  <datafield tag="902" ind1=" " ind2=" ">
    <subfield code="a">2</subfield>
  </datafield>
  <datafield tag="903" ind1=" " ind2=" ">
    <subfield code="a">{"1":"Astacio ","2":"Mu&#xF1;oz"}</subfield>
    <subfield code="b">{"1":"Mart&#xED;n ","2":"Yocasta "}</subfield>
  </datafield>
  <datafield tag="904" ind1=" " ind2=" ">
    <subfield code="a">Maestr&#xED;a en</subfield>
  </datafield>
  <datafield tag="905" ind1=" " ind2=" ">
    <subfield code="a">Planificaci&#xF3;n y Gesti&#xF3;n Educativa</subfield>
  </datafield>
  <datafield tag="906" ind1=" " ind2=" ">
    <subfield code="a">2</subfield>
  </datafield>
  <datafield tag="907" ind1=" " ind2=" ">
    <subfield code="a">NO APLICA</subfield>
  </datafield>
  <datafield tag="908" ind1=" " ind2=" ">
    <subfield code="a">NO APLICA</subfield>
  </datafield>
  <datafield tag="909" ind1=" " ind2=" ">
    <subfield code="a">Universidad Cat&#xF3;lica de Santo Domingo (UCSD)</subfield>
  </datafield>
  <datafield tag="910" ind1=" " ind2=" ">
    <subfield code="a">NULL</subfield>
    <subfield code="b">NULL</subfield>
  </datafield>
  <datafield tag="911" ind1=" " ind2=" ">
    <subfield code="a">["1"]</subfield>
  </datafield>
  <datafield tag="912" ind1=" " ind2=" ">
    <subfield code="a">NO APLICA</subfield>
  </datafield>
  <datafield tag="913" ind1=" " ind2=" ">
    <subfield code="a">NULL</subfield>
  </datafield>
  <datafield tag="914" ind1=" " ind2=" ">
    <subfield code="a">01 de Febrero de 2016</subfield>
  </datafield>
  <datafield tag="915" ind1=" " ind2=" ">
    <subfield code="a">15/02/17 09:02</subfield>
  </datafield>
  <datafield tag="916" ind1=" " ind2=" ">
    <subfield code="a">NULL</subfield>
  </datafield>
  <datafield tag="917" ind1=" " ind2=" ">
    <subfield code="a">NULL</subfield>
  </datafield>
  <datafield tag="918" ind1=" " ind2=" ">
    <subfield code="a">NO APLICA</subfield>
  </datafield>
  <datafield tag="919" ind1=" " ind2=" ">
    <subfield code="a">["158","161","165"]</subfield>
  </datafield>
  <datafield tag="520" ind1=" " ind2=" ">
    <subfield code="a">El estudio tuvo como objetivo general analizar el Proceso de Selecci&#xF3;n y Ubicaci&#xF3;n del Personal Docente en las Escuelas Primarias del Distrito 10-04, de Santo Domingo Este, en el periodo escolar 2015-2016. La investigaci&#xF3;n se correspondi&#xF3; al dise&#xF1;o de estudio no experimental y fue de tipo explorativo y alcance descriptivo, utiliz&#xF3; el m&#xE9;todo anal&#xED;tico. Las t&#xE9;cnicas utilizadas fueron; entrevista y encuesta. La poblaci&#xF3;n objeto de estudio estuvo conformada por una muestra de 15 docentes, 5 directores de 5 escuelas primarias y la encargada de recursos humanos del &#xA0;Distrito 10-04.El estudio concluy&#xF3; &#xA0;que los directores del Distrito 10-04 hacen una labor eficiente, a pesar de las grandes necesidades de maestros que cubran las vacantes que en estos centros escolares aparecen a nivel pedag&#xF3;gico, tratando de cubrirlos seg&#xFA;n sus posibilidades.El estudio recomend&#xF3; que se tomen las medidas correctas para evitar las resistencia al cambio por parte de los docentes que se encuentran laborando en puestos que no son de su competencia, reconociendo que esto repercute en el rendimiento acad&#xE9;mico de los estudiantes y en los resultado de la misma practica pedag&#xF3;gica. Tambi&#xE9;n puntualiz&#xF3; que hay que respetar el perfil y la preparaci&#xF3;n acad&#xE9;mica de los docentes.</subfield>
  </datafield>
  <datafield tag="921" ind1=" " ind2=" ">
    <subfield code="a">50</subfield>
  </datafield>
  <datafield tag="922" ind1=" " ind2=" ">
    <subfield code="a">50</subfield>
  </datafield>
  <datafield tag="923" ind1=" " ind2=" ">
    <subfield code="a">0</subfield>
  </datafield>
  <datafield tag="924" ind1=" " ind2=" ">
    <subfield code="a">NO APLICA</subfield>
  </datafield>
  <datafield tag="942" ind1=" " ind2=" ">
    <subfield code="c">Tesis</subfield>
  </datafield>
  <datafield tag="999" ind1=" " ind2=" ">
    <subfield code="c">5077</subfield>
    <subfield code="d">5077</subfield>
  </datafield>
</record>
